Welcome to WEB OPAC of MRSPTU Central Library

Organic spectroscopy (Record no. 194)

MARC details
000 -LEADER
fixed length control field 00392nam a2200169Ia 4500
008 - FIXED-LENGTH DATA ELEMENTS--GENERAL INFORMATION
fixed length control field 230711s9999||||xx |||||||||||||| ||und||
020 ## - INTERNATIONAL STANDARD BOOK NUMBER
International Standard Book Number 978-1-4039-0684-7
041 ## - LANGUAGE CODE
Language code of text/sound track or separate title ENG
082 ## - DEWEY DECIMAL CLASSIFICATION NUMBER
Classification number 543.5
Item number KE-O
100 ## - MAIN ENTRY--PERSONAL NAME
Personal name Kemp,William
245 #0 - TITLE STATEMENT
Title Organic spectroscopy
250 ## - EDITION STATEMENT
Edition statement 3rd Ed.
260 ## - PUBLICATION, DISTRIBUTION, ETC.
Date of publication, distribution, etc. 1991
Place of publication, distribution, etc. New York
Name of publisher, distributor, etc. Palgrave Macmillan
300 ## - PHYSICAL DESCRIPTION
Extent 393
650 ## - SUBJECT ADDED ENTRY--TOPICAL TERM
Topical term or geographic name entry element Chemistry
942 ## - ADDED ENTRY ELEMENTS (KOHA)
Koha item type Book
Holdings
Withdrawn status Lost status Damaged status Not for loan Collection Home library Current library Date acquired Total checkouts Full call number Barcode Date last seen Date last checked out Price effective from Koha item type
          MRSPTU Central Library MRSPTU Central Library   2 543.5 KE-O 1024 10/14/2025 10/09/2025 08/17/2023 Book
          MRSPTU Central Library MRSPTU Central Library     543.5 KE-O 1025 08/17/2023   08/17/2023 Book
          MRSPTU Central Library MRSPTU Central Library     543.5 KE-O 1026 08/17/2023   08/17/2023 Book
          MRSPTU Central Library MRSPTU Central Library     543.5 KE-O 20763 08/17/2023   08/17/2023 Book
          MRSPTU Central Library MRSPTU Central Library   2 543.5 KE-O 20764 03/12/2024 02/19/2024 08/17/2023 Book
          MRSPTU Central Library MRSPTU Central Library   1 543.5 KE-O 20765 03/26/2024 09/12/2023 08/17/2023 Book
          MRSPTU Central Library MRSPTU Central Library     543.5 KE-O 20766 08/17/2023   08/17/2023 Book
          MRSPTU Central Library MRSPTU Central Library     543.5 KE-O PBB1024 08/17/2023   08/17/2023 Book
          MRSPTU Central Library MRSPTU Central Library     543.5 KE-O PBB1025 08/17/2023   08/17/2023 Book
          MRSPTU Central Library MRSPTU Central Library     543.5 KE-O PBB1026 08/17/2023   08/17/2023 Book

Website Designed and Developed by MRSPTU Central Library Team

E-mail Id: librarian@mrsptu.ac.in